[Event "M.Chigorin Memorial"]
[Site "St. Petersburg RUS"]
[Date "2009.10.17"]
[Round "2.101"]
[White "Kartsev, Soel"]
[Black "Kuzmin, Egor"]
[Result "1/2-1/2"]
[WhiteElo "2241"]
[BlackElo "1995"]
[PlyCount "135"]
[EventDate "2009.??.??"]

1. e4 c5 2. c3 d5 3. exd5 Qxd5 4. d4 Nc6 5. Nf3 Bg4 6. Be2 cxd4 7. cxd4 e6 8.
Nc3 Qd6 9. O-O Nf6 10. Be3 Be7 11. h3 Bh5 12. Qb3 O-O 13. Rfd1 Nd5 14. Nxd5
exd5 15. Rac1 Na5 16. Qb5 b6 17. g4 Bg6 18. Ne5 Rfc8 19. Nxg6 hxg6 20. Bf3 Rd8
21. a3 a6 22. Qa4 Nc4 23. Qc2 Nxe3 24. fxe3 Bg5 25. Qf2 Re8 26. Rc3 Qe6 27. Re1
Rac8 28. Rxc8 Rxc8 29. h4 Be7 30. g5 Qf5 31. Bg2 Qe6 32. Rf1 Rf8 33. Qf3 Bd6
34. Rc1 Bb8 35. Kf2 Re8 36. Rc3 Rd8 37. b4 Qd6 38. Qg4 Kh7 39. Rc1 Kg8 40. Qh3
Kf8 41. Bf3 Ke7 42. Be2 b5 43. Bf3 Qe6 44. Qg2 Kf8 45. Bg4 Qd6 46. Bf3 Qe6 47.
Qg4 Ke7 48. Qg2 Kf8 49. Rc3 Rc8 50. Rc5 Re8 51. Rc3 Rc8 52. Rxc8+ Qxc8 53. Qg4
Qc2+ 54. Be2 Ke7 55. h5 gxh5 56. Qxh5 Qf5+ 57. Kg2 Qe4+ 58. Qf3 Qxf3+ 59. Bxf3
Kd6 60. Kg3 Bc7 61. Kf4 a5 62. Kf5 axb4 63. axb4 g6+ 64. Kf6 Bd8+ 65. Kxf7 Bxg5
66. e4 dxe4 67. Bxe4 Bd2 68. Kxg6 1/2-1/2

[Event "M.Chigorin Memorial"]
[Site "St. Petersburg RUS"]
[Date "2009.10.17"]
[Round "2.102"]
[White "Yurenok, Maria S"]
[Black "Yakimenko, Alexander A"]
[Result "0-1"]
[WhiteElo "1981"]
[BlackElo "2240"]
[PlyCount "130"]
[EventDate "2009.??.??"]

1. d4 Nf6 2. Nf3 e6 3. e3 c5 4. Bd3 Nc6 5. O-O d5 6. b3 Qc7 7. Bb2 Bd6 8. Nbd2
cxd4 9. exd4 Nb4 10. Bb5+ Bd7 11. Bxd7+ Nxd7 12. c4 O-O 13. Qe2 Rfe8 14. Ne5 f6
15. Nxd7 Qxd7 16. Nf3 Rac8 17. a3 Nc6 18. cxd5 exd5 19. Qb5 Bb8 20. Rfe1 a6 21.
Qd3 Qd6 22. b4 Na7 23. Re2 Qd7 24. Rae1 Rxe2 25. Qxe2 Nb5 26. g3 Nd6 27. Kg2
Ne4 28. Rc1 Re8 29. Qc2 Qb5 30. Re1 Qd7 31. Nd2 Rc8 32. Qd3 Nd6 33. Rc1 Re8 34.
Qf3 Qe6 35. Rc5 Ne4 36. Nxe4 dxe4 37. Qc3 Bd6 38. d5 Qf5 39. Rc4 Be5 40. Qb3
Qf3+ 41. Qxf3 exf3+ 42. Kxf3 Bxb2 43. Rc7 b5 44. Rc6 Bxa3 45. Rxa6 Bxb4 46. Rb6
Re5 47. Rxb5 Bd6 48. h4 h5 49. Ra5 Kf7 50. Ra7+ Kg6 51. Ra5 Kf5 52. Rb5 g6 53.
Ra5 Re1 54. Ra6 Ke5 55. Ra8 Rd1 56. Ke2 Rxd5 57. f4+ Kf5 58. Rg8 Bb4 59. Kf3
Rd3+ 60. Kf2 Bc5+ 61. Kg2 Rd2+ 62. Kf1 Kg4 63. Rb8 Kf3 64. Rb3+ Be3 65. Ke1 Rc2
0-1

[Event "M.Chigorin Memorial"]
[Site "St. Petersburg RUS"]
[Date "2009.10.17"]
[Round "2.103"]
[White "Khojayan, Vardan"]
[Black "Zhak, Boris"]
[Result "1-0"]
[WhiteElo "2229"]
[BlackElo "1983"]
[PlyCount "119"]
[EventDate "2009.??.??"]

1. d4 d5 2. Nf3 Nf6 3. c4 c6 4. e3 Bf5 5. Nc3 e6 6. Bd3 Bxd3 7. Qxd3 Nbd7 8.
O-O Bd6 9. e4 dxe4 10. Nxe4 Nxe4 11. Qxe4 Nf6 12. Qc2 h6 13. b3 O-O 14. Bb2 a5
15. Ne5 Nd7 16. Rad1 Be7 17. Ng4 Nf6 18. Ne3 a4 19. Rfe1 axb3 20. axb3 Qc7 21.
g3 Rfd8 22. f4 g6 23. Qc3 Qa5 24. Qd3 Qh5 25. Nf1 Qf5 26. Qc3 Qa5 27. Qf3 Qh5
28. Qc3 Qa5 29. Qc2 Qf5 30. Qg2 Qa5 31. Ne3 Qb4 32. Qc2 Ra2 33. Re2 Rda8 34.
Rde1 Qa5 35. c5 Nd5 36. Nc4 Qb4 37. Qd3 Bf6 38. Kg2 Kg7 39. h4 h5 40. Kh3 R8a6
41. Rc1 Ra8 42. Nd6 b5 43. Ne4 Bd8 44. Ng5 Bxg5 45. fxg5 Qa5 46. Rf1 Qc7 47.
Qe4 Rd8 48. Ref2 Rd7 49. g4 hxg4+ 50. Kxg4 Ra8 51. h5 gxh5+ 52. Kh3 Re7 53. Rf6
Rh8 54. Bc1 Rd7 55. Bf4 Nxf4+ 56. R1xf4 Rg8 57. g6 fxg6 58. Qxg6+ Kh8 59. Rf8
Rdg7 60. Qh6+ 1-0

[Event "M.Chigorin Memorial"]
[Site "St. Petersburg RUS"]
[Date "2009.10.17"]
[Round "2.104"]
[White "Pischikov, Vadim"]
[Black "Tovmasian, Vardges"]
[Result "0-1"]
[WhiteElo "1959"]
[BlackElo "2228"]
[PlyCount "84"]
[EventDate "2009.??.??"]

1. Nf3 Nf6 2. b3 d5 3. Bb2 c5 4. d3 Nc6 5. g3 d4 6. Bg2 e5 7. Nbd2 Be7 8. O-O
O-O 9. c4 Bf5 10. Qb1 Qd7 11. Rd1 h6 12. a3 Rfe8 13. Nf1 Rad8 14. Ne1 Bh3 15.
e4 dxe3 16. fxe3 Bg4 17. Rd2 Nh7 18. Rf2 Ng5 19. Nd2 Nh3+ 20. Bxh3 Bxh3 21.
Ndf3 Bf8 22. Qc2 Kh8 23. Nh4 Bg4 24. Nhg2 f5 25. Rd2 Be7 26. Bc3 a5 27. Qb2 Bg5
28. b4 axb4 29. axb4 cxb4 30. Bxb4 Nxb4 31. Qxb4 f4 32. Ra5 fxe3 33. Rb2 e2 34.
Rd5 Qf5 35. h4 Qf1+ 36. Kh2 Bf6 37. Rb1 e4 38. Qb6 exd3 39. Rxd3 Rxd3 40. Nxd3
Bf5 41. Qb5 Rd8 42. Rb3 Bd4 0-1

[Event "M.Chigorin Memorial"]
[Site "St. Petersburg RUS"]
[Date "2009.10.17"]
[Round "2.105"]
[White "Gromova, Iulia"]
[Black "Obrezchikov, Mikhail"]
[Result "1-0"]
[WhiteElo "2227"]
[BlackElo "1968"]
[PlyCount "95"]
[EventDate "2009.??.??"]

1. d4 Nf6 2. c4 e6 3. Nf3 b6 4. g3 Bb7 5. Bg2 Be7 6. O-O O-O 7. Nc3 Ne4 8. Qc2
Nxc3 9. Qxc3 Be4 10. Bf4 f5 11. Rfd1 d6 12. b4 Bf6 13. Qb3 Qe7 14. Rac1 Nd7 15.
c5 bxc5 16. dxc5 Bd5 17. Rxd5 exd5 18. Qxd5+ Qf7 19. Qxf7+ Kxf7 20. cxd6 cxd6
21. Ng5+ Bxg5 22. Bxa8 Rxa8 23. Bxg5 Ke6 24. Rc7 a5 25. bxa5 Rxa5 26. Rc2 Nb6
27. Bd8 Rb5 28. Bxb6 Rxb6 29. a4 Rb1+ 30. Kg2 Ra1 31. Rc4 g5 32. e3 Ra2 33. g4
fxg4 34. Rxg4 Kf5 35. Rd4 Ke5 36. Rb4 h5 37. Rb5+ d5 38. Ra5 Ke4 39. Ra8 Kd3
40. Rg8 g4 41. Rg5 d4 42. exd4 Rxa4 43. Rxh5 Rxd4 44. Kg3 Ke2 45. Rf5 Kf1 46.
Rf4 Rd3+ 47. Kxg4 Kg2 48. h4 1-0

[Event "M.Chigorin Memorial"]
[Site "St. Petersburg RUS"]
[Date "2009.10.17"]
[Round "2.106"]
[White "Edmin, Mark"]
[Black "Kopasov, Alexander"]
[Result "0-1"]
[WhiteElo "1946"]
[BlackElo "2227"]
[PlyCount "96"]
[EventDate "2009.??.??"]

1. e4 c5 2. Nc3 Nc6 3. g3 g6 4. Bg2 Bg7 5. d3 e6 6. f4 Nge7 7. Be3 d6 8. Nf3
O-O 9. O-O b6 10. d4 Ba6 11. Re1 Rc8 12. Ne2 Qc7 13. c3 cxd4 14. Nexd4 Nxd4 15.
Bxd4 e5 16. Be3 Rcd8 17. Qc2 f5 18. Ng5 Qc8 19. exf5 gxf5 20. Rad1 e4 21. Bd4
h6 22. Nh3 Nc6 23. Bxg7 Kxg7 24. Nf2 d5 25. Re3 Rf7 26. b3 Rc7 27. Qb2 Kf7 28.
g4 Ne7 29. c4 dxc4 30. Rxd8 Qxd8 31. bxc4 Rxc4 32. Bf1 Nd5 33. Bxc4 Bxc4 34.
Qd4 Qc7 35. gxf5 Nxe3 36. Qxe3 Bxa2 37. Qxe4 Qe7 38. Qxe7+ Kxe7 39. Ng4 b5 40.
f6+ Ke6 41. Nxh6 Kxf6 42. Ng4+ Kf5 43. Ne5 Bd5 44. Nd3 Bc4 45. Nb2 a5 46. Kf2
a4 47. Nd1 Kxf4 48. Ne3 Bb3 0-1

[Event "M.Chigorin Memorial"]
[Site "St. Petersburg RUS"]
[Date "2009.10.17"]
[Round "2.107"]
[White "Pogosian, Vladimir"]
[Black "Kozlov, Mikhail"]
[Result "1-0"]
[WhiteElo "2223"]
[BlackElo "1956"]
[PlyCount "37"]
[EventDate "2009.??.??"]

1. f4 e5 2. fxe5 d6 3. exd6 Bxd6 4. Nf3 Nf6 5. d4 Ne4 6. Nc3 Bf5 7. Qd3 Ng3 8.
Qe3+ Kf8 9. hxg3 Nc6 10. Qf2 Bxc2 11. e4 Nb4 12. a3 Nd3+ 13. Bxd3 Bxd3 14. Bg5
f6 15. O-O-O Ba6 16. e5 Be7 17. exf6 gxf6 18. Bh6+ Ke8 19. Nh4 1-0

[Event "M.Chigorin Memorial"]
[Site "St. Petersburg RUS"]
[Date "2009.10.17"]
[Round "2.108"]
[White "Khatenever, Feliks"]
[Black "Karalkin, Maksim"]
[Result "0-1"]
[WhiteElo "1929"]
[BlackElo "2222"]
[PlyCount "82"]
[EventDate "2009.??.??"]

1. d4 d5 2. e3 c6 3. Bd3 Nf6 4. Nf3 Bg4 5. Nbd2 e6 6. b3 Nbd7 7. Bb2 Bd6 8. Qc1
Qe7 9. O-O O-O 10. a4 e5 11. dxe5 Nxe5 12. Be2 Ne4 13. Qd1 f5 14. Nxe5 Bxe2 15.
Qxe2 Bxe5 16. Bxe5 Qxe5 17. Nf3 Qf6 18. c4 Rad8 19. Rac1 Rf7 20. Rc2 Rfd7 21.
g3 h6 22. Rfc1 Kh7 23. cxd5 Rxd5 24. Kg2 Qe7 25. h4 Qb4 26. Qc4 a5 27. Qxb4
axb4 28. Nd4 c5 29. Ne6 Rc8 30. Nf4 Rd6 31. h5 b6 32. Ne2 Rcd8 33. f3 Nd2 34.
Rb2 Rd3 35. Nf4 Rxb3 36. Rbc2 Rb1 37. a5 Rxc1 38. Rxc1 b3 39. axb6 b2 40. Rd1
b1=Q 41. Rxb1 Nxb1 0-1

[Event "M.Chigorin Memorial"]
[Site "St. Petersburg RUS"]
[Date "2009.10.17"]
[Round "2.109"]
[White "Kurukin, Dmitry"]
[Black "Azimova, Karina"]
[Result "1-0"]
[WhiteElo "2222"]
[BlackElo "1943"]
[PlyCount "73"]
[EventDate "2009.??.??"]

1. e4 e5 2. Nf3 d6 3. Bc4 Be7 4. d3 Nf6 5. c3 O-O 6. O-O c6 7. Bb3 Qc7 8. Re1
h6 9. Nbd2 Be6 10. Bxe6 fxe6 11. Qb3 Qd7 12. d4 exd4 13. Nxd4 d5 14. exd5 exd5
15. N2f3 Bd6 16. c4 Na6 17. cxd5 Nc5 18. Qc2 cxd5 19. h3 Nce4 20. Be3 Rac8 21.
Qd3 Nh5 22. Nb5 Bb8 23. Rad1 Rcd8 24. Nbd4 Kh8 25. Qb5 Qf7 26. Nb3 a6 27. Qf1
Qc7 28. Nbd4 Qd6 29. Qd3 Nf4 30. Qb3 Ne6 31. Kf1 Nxd4 32. Bxd4 Rxf3 33. gxf3
Nc5 34. Qe3 Nd7 35. Qe7 Qxe7 36. Rxe7 Nf6 37. Rxb7 1-0

[Event "M.Chigorin Memorial"]
[Site "St. Petersburg RUS"]
[Date "2009.10.17"]
[Round "2.110"]
[White "Fokin, Anatoly"]
[Black "Butuc, Maria"]
[Result "0-1"]
[WhiteElo "1912"]
[BlackElo "2215"]
[PlyCount "80"]
[EventDate "2009.??.??"]

1. d4 d5 2. c4 c6 3. Nc3 Nf6 4. Nf3 dxc4 5. e3 b5 6. a4 b4 7. Na2 e6 8. Bxc4
Be7 9. O-O O-O 10. Bd2 a5 11. Nc1 Nbd7 12. Qe2 c5 13. Rd1 Bb7 14. dxc5 Bxc5 15.
Nb3 Bb6 16. Be1 Qe7 17. Nfd4 Rfd8 18. f3 Nd5 19. Bf2 g6 20. Rd2 N7f6 21. Rad1
e5 22. Nc2 h6 23. e4 Nf4 24. Qf1 Bxf2+ 25. Kxf2 Rxd2+ 26. Rxd2 Bc6 27. g3 Qa7+
28. Ne3 Bxe4 29. Rd6 N6d5 30. gxf4 Qxe3+ 31. Kg2 Nxf4+ 32. Kg3 Nh5+ 33. Kg2
Nf4+ 34. Kg3 Bf5 35. Qc1 Nh5+ 36. Kg2 Bh3+ 37. Kxh3 Qxf3+ 38. Kh4 g5+ 39. Qxg5+
hxg5+ 40. Kxg5 Qf4+ 0-1

[Event "M.Chigorin Memorial"]
[Site "St. Petersburg RUS"]
[Date "2009.10.17"]
[Round "2.111"]
[White "Berdychevaskaya, Natasha"]
[Black "Tzouvelekis, Ioannis"]
[Result "1-0"]
[WhiteElo "2215"]
[BlackElo "1926"]
[PlyCount "59"]
[EventDate "2009.??.??"]

1. e4 e6 2. d4 d5 3. Nc3 dxe4 4. Nxe4 Nd7 5. Bc4 Ngf6 6. Nxf6+ Nxf6 7. Nf3 Be7
8. O-O O-O 9. Qe2 b6 10. Rd1 Bb7 11. Ne5 Nd5 12. Rd3 Bg5 13. Rg3 Bxc1 14. Rxc1
f5 15. Re1 Nf4 16. Qd2 Qh4 17. Nf3 Bxf3 18. Rxf3 Nd5 19. Rxe6 Rad8 20. Re5 c6
21. Rexf5 Rxf5 22. Rxf5 Qe4 23. Re5 Qg6 24. Qg5 Qd6 25. Re7 g6 26. Qh4 h5 27.
Qe4 Kf8 28. Re6 Qf4 29. Qxf4+ Nxf4 30. Rf6+ 1-0

[Event "M.Chigorin Memorial"]
[Site "St. Petersburg RUS"]
[Date "2009.10.17"]
[Round "2.112"]
[White "Platonova, Lubov"]
[Black "Marzano, Carlo"]
[Result "0-1"]
[WhiteElo "1903"]
[BlackElo "2209"]
[PlyCount "36"]
[EventDate "2009.??.??"]

1. c4 e5 2. Nc3 Nf6 3. e4 Bc5 4. h3 O-O 5. g3 c6 6. Bg2 d5 7. exd5 cxd5 8. Nxd5
Nxd5 9. Bxd5 Nc6 10. a3 Be6 11. Bxe6 fxe6 12. f3 Qd3 13. Qe2 Qg6 14. g4 Bxg1
15. d3 Nd4 16. Qd1 Rxf3 17. Rxg1 Rxd3 18. Qa4 Qe4+ 0-1

[Event "M.Chigorin Memorial"]
[Site "St. Petersburg RUS"]
[Date "2009.10.17"]
[Round "2.113"]
[White "Denisov, Ivan"]
[Black "Jarvinen, Seppo"]
[Result "1-0"]
[WhiteElo "2208"]
[BlackElo "1907"]
[PlyCount "35"]
[EventDate "2009.??.??"]

1. e4 e5 2. Nf3 Nf6 3. Nxe5 d6 4. Nf3 Nxe4 5. Nc3 Nf6 6. d4 d5 7. Bg5 Be7 8.
Bd3 c6 9. Qd2 Be6 10. O-O Nbd7 11. Rae1 O-O 12. Ne5 Nxe5 13. dxe5 Nd7 14. Bxe7
Qxe7 15. f4 Nc5 16. f5 Nxd3 17. cxd3 Bd7 18. f6 1-0

[Event "M.Chigorin Memorial"]
[Site "St. Petersburg RUS"]
[Date "2009.10.17"]
[Round "2.114"]
[White "Stroganov, Anatoly"]
[Black "Merzliakov, Evgeny"]
[Result "0-1"]
[WhiteElo "1890"]
[BlackElo "2207"]
[PlyCount "60"]
[EventDate "2009.??.??"]

1. d4 e6 2. Nf3 b6 3. g3 Bb7 4. Bg2 f5 5. O-O Nf6 6. Bg5 Be7 7. Re1 O-O 8. Nbd2
Ne4 9. Bxe7 Qxe7 10. Ne5 d6 11. Nd3 Qf6 12. c3 Nd7 13. e3 Rad8 14. Qc2 e5 15.
Rad1 h5 16. f4 h4 17. dxe5 dxe5 18. Nxe4 Bxe4 19. Bxe4 fxe4 20. Nf2 hxg3 21.
hxg3 Qg6 22. Kg2 Nc5 23. b4 Nd3 24. Qb3+ Rf7 25. Nxd3 exd3 26. Qc4 b5 27. Qb3
Qe4+ 28. Kf2 Rd6 29. Rh1 Rdf6 30. Rh4 g5 0-1

[Event "M.Chigorin Memorial"]
[Site "St. Petersburg RUS"]
[Date "2009.10.17"]
[Round "2.115"]
[White "Naumenko, Oleg"]
[Black "Fedotov, Konstantin"]
[Result "1-0"]
[WhiteElo "2207"]
[BlackElo "1891"]
[PlyCount "53"]
[EventDate "2009.??.??"]

1. e4 c5 2. Nc3 Nc6 3. f4 g6 4. Nf3 Bg7 5. Bc4 e6 6. O-O Nge7 7. d3 O-O 8. Qe1
d5 9. Bb3 b5 10. Nxb5 Qb6 11. c4 Ba6 12. a4 dxe4 13. dxe4 Rad8 14. Ra3 Nb4 15.
Qh4 Rd7 16. Ne5 Bxb5 17. Nxd7 Bxd7 18. Qxe7 Bd4+ 19. Kh1 Bc6 20. Bd1 Bxe4 21.
Bf3 Bd3 22. Rd1 Bxc4 23. f5 exf5 24. Bh6 Rb8 25. a5 Qe6 26. Re3 Bxe3 27. Rd8+
1-0

[Event "M.Chigorin Memorial"]
[Site "St. Petersburg RUS"]
[Date "2009.10.17"]
[Round "2.116"]
[White "Mamedov, Elmin"]
[Black "Solovyov, Viktor"]
[Result "0-1"]
[WhiteElo "1831"]
[BlackElo "2204"]
[PlyCount "77"]
[EventDate "2009.??.??"]

1. e4 e5 2. Nf3 Nc6 3. Bb5 Nf6 4. O-O Nxe4 5. Re1 Nd6 6. Bxc6 dxc6 7. Nxe5 Be7
8. Nc3 O-O 9. d3 Nf5 10. Ne4 c5 11. Bd2 Be6 12. Bc3 Nd4 13. h3 Re8 14. Nf3 Qd5
15. Bxd4 cxd4 16. Qd2 h6 17. Qf4 c5 18. g4 Qd8 19. g5 Qb8 20. Qxb8 Raxb8 21.
gxh6 gxh6 22. Kh2 Kh7 23. Re2 Bd5 24. Rae1 Rg8 25. Ne5 Be6 26. f4 Rg7 27. Rf1
f5 28. Ng3 Re8 29. Nh5 Rgg8 30. b3 Bd8 31. a4 Bh4 32. Rg1 Rxg1 33. Kxg1 Bf7 34.
Ng3 Bxg3 35. Rg2 Rxe5 36. fxe5 Bxe5 37. Re2 Bd6 38. Kf2 Kg7 39. Kf3 0-1

[Event "M.Chigorin Memorial"]
[Site "St. Petersburg RUS"]
[Date "2009.10.17"]
[Round "2.117"]
[White "Tropin, Nikolay"]
[Black "Kobzar, Alexander"]
[Result "0-1"]
[WhiteElo "1798"]
[BlackElo "2198"]
[PlyCount "86"]
[EventDate "2009.??.??"]

1. e4 c5 2. c3 Nf6 3. e5 Nd5 4. d4 d6 5. Nf3 Nc6 6. Bb5 a6 7. dxc5 axb5 8. Qxd5
Be6 9. Qd1 dxc5 10. Qxd8+ Rxd8 11. O-O b4 12. cxb4 Nxb4 13. Nc3 Bc4 14. Rd1
Rxd1+ 15. Nxd1 Nc2 16. Ne3 Nxa1 17. Nxc4 Nc2 18. a3 b5 19. Na5 e6 20. Nb7 Kd7
21. Bg5 Be7 22. Bf4 Kc6 23. Nd6 Bxd6 24. exd6 f6 25. Kf1 e5 26. Bc1 Rd8 27. Ke2
Rxd6 28. Be3 Nd4+ 29. Bxd4 exd4 30. Kd2 Kd5 31. Nh4 g6 32. g4 b4 33. axb4 c4
34. Ng2 Ke4 35. f3+ Kxf3 36. Ne1+ Kxg4 37. Nc2 f5 38. Ke1 Kf3 39. b5 c3 40.
bxc3 dxc3 41. h3 Rd2 42. b6 Rxc2 43. b7 Rc1# 0-1

[Event "M.Chigorin Memorial"]
[Site "St. Petersburg RUS"]
[Date "2009.10.17"]
[Round "2.118"]
[White "Pochinkov, Andrey"]
[Black "Klepikov, Nikita"]
[Result "0-1"]
[WhiteElo "2197"]
[BlackElo "1873"]
[PlyCount "60"]
[EventDate "2009.??.??"]

1. Nf3 Nf6 2. b3 g6 3. Bb2 Bg7 4. e3 d5 5. d4 O-O 6. Nbd2 Nc6 7. Be2 Bf5 8. Nh4
Be6 9. O-O Qd7 10. c4 Rad8 11. a3 a5 12. Qc2 Bg4 13. Bd3 Be6 14. Rfd1 Qc8 15.
Rac1 Rd7 16. Bf1 Rfd8 17. h3 Rd6 18. e4 dxe4 19. d5 Bxd5 20. cxd5 Rxd5 21. g3
Qd7 22. Bc3 Bh6 23. f4 e3 24. Ne4 Nxe4 25. Rxd5 Qxd5 26. Bc4 Qc5 27. Qxe4 e2+
28. Kg2 Rd1 29. Qb1 Qg1+ 30. Kf3 Rxc1 0-1

[Event "M.Chigorin Memorial"]
[Site "St. Petersburg RUS"]
[Date "2009.10.17"]
[Round "2.119"]
[White "Pitkanen, Juhani"]
[Black "Donskov, Anatoly"]
[Result "0-1"]
[WhiteElo "1775"]
[BlackElo "2194"]
[PlyCount "34"]
[EventDate "2009.??.??"]

1. d4 e6 2. c4 f5 3. Nc3 Nf6 4. g3 d5 5. cxd5 exd5 6. Bg2 c6 7. Nh3 Be7 8. O-O
O-O 9. Nf4 Na6 10. Nd3 Nc7 11. a4 a5 12. Bg5 Ne6 13. Bxf6 Bxf6 14. e3 Ng5 15.
h4 Ne4 16. Nf4 Be7 17. f3 Nxg3 0-1

[Event "M.Chigorin Memorial"]
[Site "St. Petersburg RUS"]
[Date "2009.10.17"]
[Round "2.120"]
[White "Inants, Aghasi"]
[Black "Gogolev, Artem"]
[Result "1-0"]
[WhiteElo "2192"]
[BlackElo "1830"]
[PlyCount "49"]
[EventDate "2009.??.??"]

1. e4 c5 2. Nf3 Nc6 3. Bb5 Na5 4. O-O a6 5. Be2 d6 6. d4 cxd4 7. Nxd4 Nf6 8.
Nc3 e5 9. Nf5 Nxe4 10. Nxg7+ Bxg7 11. Nxe4 d5 12. Bg5 f6 13. Bxf6 Bxf6 14. Qxd5
Rf8 15. Bh5+ Ke7 16. Qc5+ Ke6 17. Rad1 Be7 18. Bg4+ Kf7 19. Qxe5 Qb6 20. Bh5+
Kg8 21. Qxe7 Bf5 22. Nd6 Qc5 23. Bf7+ Kg7 24. Qg5+ Kh8 25. Qf6# 1-0

[Event "M.Chigorin Memorial"]
[Site "St. Petersburg RUS"]
[Date "2009.10.17"]
[Round "2.121"]
[White "Belsky, Artyom"]
[Black "Bratus, Petr P"]
[Result "0-1"]
[WhiteElo "1528"]
[BlackElo "2189"]
[PlyCount "117"]
[EventDate "2009.??.??"]

1. d4 d5 2. c4 c6 3. Nf3 Nf6 4. Nc3 a6 5. cxd5 cxd5 6. Bf4 Nc6 7. e3 Bg4 8. Be2
g6 9. h3 Bxf3 10. Bxf3 Bg7 11. Qb3 Na5 12. Qc2 O-O 13. Rc1 Rc8 14. O-O b5 15.
Qd3 e6 16. b3 Qb6 17. Rc2 Rc6 18. Rfc1 Rfc8 19. Nd1 Bf8 20. Qd2 Nb7 21. Nb2 Nd6
22. Bxd6 Bxd6 23. Nd3 Nd7 24. Bd1 Kg7 25. f4 Nf6 26. Bf3 Nd7 27. Kh1 Ba3 28.
Rxc6 Rxc6 29. Rc3 Qa5 30. Nc5 Bxc5 31. dxc5 Rxc5 32. Rd3 Qxd2 33. Rxd2 Rc1+ 34.
Kh2 Rc3 35. e4 dxe4 36. Bxe4 Nf6 37. Bf3 b4 38. Kg1 h5 39. Kf2 h4 40. Ke2 Rc5
41. Rd4 a5 42. Rc4 Rf5 43. Kd3 Ne8 44. Bg4 Rd5+ 45. Rd4 Rc5 46. Rc4 Rb5 47. Bf3
Nd6 48. Bc6 Rf5 49. Rd4 Nb5 50. Bxb5 Rxb5 51. Kc4 Rf5 52. Re4 Kf6 53. Rd4 Ke7
54. Re4 Kd6 55. Rd4+ Kc6 56. Kd3 Rd5 57. Ke4 Rxd4+ 58. Kxd4 f6 59. Ke4 0-1

[Event "M.Chigorin Memorial"]
[Site "St. Petersburg RUS"]
[Date "2009.10.17"]
[Round "2.122"]
[White "Kushka, Alena"]
[Black "Esipovich, Stanislav"]
[Result "1-0"]
[WhiteElo "2182"]
[BlackElo "1777"]
[PlyCount "71"]
[EventDate "2009.??.??"]

1. d4 Nf6 2. c4 g6 3. Nc3 Bg7 4. e4 O-O 5. f4 d6 6. Nf3 c5 7. d5 e5 8. dxe6
fxe6 9. Bd3 Nc6 10. O-O Nh5 11. g3 a6 12. Ng5 h6 13. Nf3 Qe8 14. Nh4 e5 15. f5
g5 16. Ng6 Nf6 17. Nxf8 Qxf8 18. Nd5 Nxd5 19. exd5 Nd4 20. Be3 Bf6 21. Qh5 Bd7
22. Be4 Be8 23. Qd1 Bf7 24. Qd2 Qg7 25. b4 Bh5 26. Rf2 b6 27. bxc5 dxc5 28. Rb1
Rb8 29. a4 a5 30. h4 Bg4 31. hxg5 Bxg5 32. f6 Bxf6 33. Bxh6 Qe7 34. Rbf1 Bg7
35. d6 Bxh6 36. dxe7 1-0

[Event "M.Chigorin Memorial"]
[Site "St. Petersburg RUS"]
[Date "2009.10.17"]
[Round "2.123"]
[White "Alekseenko, Kirill"]
[Black "Fedoseeva, Valentina"]
[Result "1/2-1/2"]
[WhiteElo "2174"]
[BlackElo "1762"]
[PlyCount "202"]
[EventDate "2009.??.??"]

1. e4 e5 2. Nf3 Nc6 3. Bc4 Nf6 4. d3 Be7 5. c3 O-O 6. O-O d6 7. h3 Na5 8. Bb5
a6 9. Ba4 b5 10. Bc2 Bb7 11. Re1 Re8 12. Nbd2 c5 13. Nf1 Bf8 14. Ng3 Nc6 15.
Nf5 Ne7 16. N3h4 d5 17. Bg5 Nxf5 18. Nxf5 h6 19. Bh4 g6 20. Ne3 dxe4 21. dxe4
g5 22. Bg3 Bxe4 23. Ng4 Bxc2 24. Qxd8 Rexd8 25. Nxf6+ Kh8 26. Bxe5 Bg7 27. Rac1
Bd3 28. Ng4 Kh7 29. Bxg7 Kxg7 30. Re5 c4 31. Rce1 Bg6 32. R1e2 Rd1+ 33. Kh2
Rad8 34. f3 R8d2 35. Nf2 Bd3 36. Nxd1 Bxe2 37. Ne3 Rxb2 38. Kg3 Bd3 39. a4 b4
40. cxb4 Rxb4 41. a5 Ra4 42. Rc5 f6 43. Nd5 Ra3 44. h4 Rb3 45. Rc7+ Kf8 46. h5
f5 47. Rc6 f4+ 48. Kh2 Rb5 49. Nc7 Rxa5 50. Rxh6 c3 51. Rc6 c2 52. Ne6+ Ke7 53.
Nd4 Rd5 54. Nxc2 Bxc2 55. Rxc2 Rd6 56. Kh3 Kf6 57. Rc5 Rd1 58. Kh2 Re1 59. Ra5
Re3 60. Rxa6+ Kf5 61. Ra5+ Kf6 62. Kh3 Re2 63. h6 Kg6 64. h7 g4+ 65. fxg4 Re3+
66. Kh2 Kxh7 67. Rf5 Kg6 68. Rxf4 Kg5 69. Ra4 Rd3 70. Re4 Kh4 71. g3+ Kg5 72.
Kh3 Rd8 73. Re5+ Kg6 74. Kh4 Rh8+ 75. Rh5 Ra8 76. g5 Ra4+ 77. g4 Ra1 78. Rh6+
Kg7 79. Rb6 Rh1+ 80. Kg3 Rg1+ 81. Kf3 Rf1+ 82. Kg2 Rf7 83. Ra6 Rd7 84. Kg3 Rd3+
85. Kh4 Rd7 86. Kh5 Re7 87. Rg6+ Kh7 88. Rf6 Kg7 89. Rf5 Re1 90. g6 Rh1+ 91.
Kg5 Ra1 92. Rf7+ Kg8 93. Rb7 Rc1 94. Re7 Ra1 95. g7 Ra6 96. Re8+ Kxg7 97. Re7+
Kg8 98. Kh5 Ra1 99. Rb7 Ra6 100. g5 Rc6 101. Rb1 Ra6 1/2-1/2

[Event "M.Chigorin Memorial"]
[Site "St. Petersburg RUS"]
[Date "2009.10.18"]
[Round "3.1"]
[White "Rychagov, Andrey"]
[Black "Kurnosov, Igor"]
[Result "1/2-1/2"]
[WhiteElo "2552"]
[BlackElo "2669"]
[PlyCount "83"]
[EventDate "2009.??.??"]

1. d4 Nf6 2. c4 g6 3. Nf3 Bg7 4. g3 O-O 5. Bg2 d5 6. cxd5 Nxd5 7. O-O c5 8.
dxc5 Na6 9. Ng5 e6 10. Ne4 Bd7 11. Nbc3 Bc6 12. Nxd5 exd5 13. Nd6 Nxc5 14. Bxd5
Ba4 15. b3 Bxa1 16. Ba3 Bc6 17. Bxc6 bxc6 18. Qxa1 Qxd6 19. Rc1 Rfd8 20. Bxc5
Qd2 21. e3 Rd5 22. Bd4 Rad8 23. Qc3 Qxc3 24. Rxc3 Rc8 25. b4 a5 26. a3 f5 27.
Kg2 Kf7 28. Bb6 axb4 29. axb4 Ke6 30. Ra3 Rd2 31. Ra7 Rd7 32. Ra2 Rb8 33. Bc5
Rdd8 34. Ra7 Rd7 35. Ra2 Rbd8 36. Kf3 g5 37. Ra6 Rc8 38. Ra2 Rcd8 39. Ra6 Rc8
40. Ra2 Rdd8 41. Ra7 Rd7 42. Ra2 1/2-1/2

[Event "M.Chigorin Memorial"]
[Site "St. Petersburg RUS"]
[Date "2009.10.18"]
[Round "3.3"]
[White "Kazhgaleyev, Murtas"]
[Black "Danin, Alexandre"]
[Result "1-0"]
[WhiteElo "2643"]
[BlackElo "2517"]
[PlyCount "229"]
[EventDate "2009.??.??"]

1. d4 Nf6 2. c4 g6 3. g3 c6 4. Bg2 d5 5. Qa4 dxc4 6. Qxc4 Be6 7. Qd3 Bg7 8. Nc3
O-O 9. Nf3 Na6 10. O-O Bf5 11. Qd1 Qb6 12. e3 Rad8 13. Qe2 c5 14. e4 cxd4 15.
exf5 dxc3 16. fxg6 hxg6 17. bxc3 Nd5 18. Bd2 Nc5 19. Rab1 Qc7 20. Qc4 b6 21.
Qh4 Qd7 22. Rfe1 Rfe8 23. Ng5 Nf6 24. Be3 Nd3 25. Qc4 Ne5 26. Qb3 e6 27. Rbd1
Qe7 28. Bd4 Nfd7 29. Ne4 Rf8 30. h4 Ng4 31. Ng5 Nc5 32. Qb4 Bxd4 33. cxd4 Nxf2
34. Rd2 Ng4 35. Ree2 Qd6 36. dxc5 Qxg3 37. c6 Qh2+ 38. Kf1 Qxh4 39. Ne4 f5 40.
Rxd8 Rxd8 41. Qe1 Qxe1+ 42. Kxe1 fxe4 43. Bh3 Rd6 44. c7 Rc6 45. Bxg4 Kf7 46.
Rh2 Kg7 47. Bxe6 Rxc7 48. Bd5 Rc3 49. Rh4 Kf6 50. Rh7 Ke5 51. Bb3 a5 52. Rb7
Rc6 53. Ke2 Kd4 54. Rd7+ Kc3 55. Rd1 Kb2 56. Rd5 Rc5 57. Rd2+ Ka3 58. Ke3 a4
59. Bf7 b5 60. Kxe4 b4 61. Kd4 Rc7 62. Bd5 Rc1 63. Bc4 g5 64. Rg2 Rc3 65. Rxg5
Kb2 66. Rg2+ Rc2 67. Rg3 Rc3 68. Rg2+ Rc2 69. Rg8 Rc3 70. Kc5 b3 71. axb3 axb3
72. Kb4 Rc2 73. Bxb3 Rd2 74. Ra8 Rd4+ 75. Bc4 Rd2 76. Ra7 Kc2 77. Ra3 Kb2 78.
Bd3 Rf2 79. Rb3+ Kc1 80. Kc3 Rc2+ 81. Kd4 Rb2 82. Ra3 Rf2 83. Be4 Kd2 84. Bf3
Ke1 85. Ke3 Re2+ 86. Kf4 Rb2 87. Rd3 Kf2 88. Rd4 Rc2 89. Be4 Rb2 90. Rd3 Ke2
91. Rd8 Kf2 92. Rh8 Rd2 93. Rh7 Ke2 94. Rh3 Ke1 95. Bd3 Rb2 96. Ke3 Re2+ 97.
Kd4 Rf2 98. Kc3 Rf4 99. Rh2 Rf3 100. Rg2 Re3 101. Ra2 Re8 102. Kd4 Kd1 103. Be4
Rd8+ 104. Ke3 Kc1 105. Rc2+ Kd1 106. Rb2 Rc8 107. Bg6 Rc7 108. Rh2 Kc1 109. Bd3
Rc8 110. Kd4 Rc7 111. Bc4 Kd1 112. Kc3 Ke1 113. Re2+ Kd1 114. Re8 Rc6 115. Rf8
1-0